000 00689nam a22002297a 4500
005 20170124110033.0
010 _a273553
020 _c00.00
035 _a273553
037 _bCen Lib/Ret
040 _aDPL
_bEN
082 _a370.15
_bTHY
100 _aThyne, James M.
_922183
245 _aPsychology of learning and techniques of teaching /
_cby James M. Thyne
260 _aLondon
_bUniversity of London Press
_c1963v
270 _bLondon
_awarwick square
300 _a240p.
_c21cm(Hb)
500 _aIncludes bibliographical references index
650 _aEducation
_91169
650 _aTeaching and learning
_922184
942 _2ddc
_cEN
_h370.15
_mTHY
999 _c128020
_d128020